A survey of public sector procurement in England (Record no. 67480)

MARC details
000 -LEADER
fixed length control field 01425cam a2200325 4500
001 - CONTROL NUMBER
control field X113279
008 - FIXED-LENGTH DATA ELEMENTS--GENERAL INFORMATION
fixed length control field 000000n2001 000 0 eng u
035 ## - SYSTEM CONTROL NUMBER
System control number (Sirsi) u113279
100 ## - MAIN ENTRY--PERSONAL NAME
Personal name Holt, G.
245 #2 - TITLE STATEMENT
Title A survey of public sector procurement in England
260 ## - PUBLICATION, DISTRIBUTION, ETC.
Date of publication, distribution, etc. 2001
490 ## - SERIES STATEMENT
Series statement Journal of Construction Procurement
Volume/sequential designation 7(1) 2001, 3-10(8)
520 ## - SUMMARY, ETC.
Summary, etc. Analyses local authority procurement practice in England to assess procurement trends and the impact of best value and other Latham and Egan initiatives. The perception of EU procurement directives and ConstructionLine are examined, together with contractor evaluation criteria. Whilst the findings show that half of all local authorities place greatest importance on the lowest tender it is recommended that they further consider best value, non-conventional procurement methods and apply more standard procurement regimes.
650 ## - SUBJECT ADDED ENTRY--TOPICAL TERM
Topical term or geographic name entry element BEST VALUE
650 ## - SUBJECT ADDED ENTRY--TOPICAL TERM
Topical term or geographic name entry element BUILT ENVIRONMENT-BUILDING COSTS
650 ## - SUBJECT ADDED ENTRY--TOPICAL TERM
Topical term or geographic name entry element CONSTRUCTION COSTS
650 ## - SUBJECT ADDED ENTRY--TOPICAL TERM
Topical term or geographic name entry element CONSTRUCTION PROCUREMENT
650 ## - SUBJECT ADDED ENTRY--TOPICAL TERM
Topical term or geographic name entry element LOCAL AUTHORITIES
650 ## - SUBJECT ADDED ENTRY--TOPICAL TERM
Topical term or geographic name entry element CONSTRUCTIONLINE
650 ## - SUBJECT ADDED ENTRY--TOPICAL TERM
Topical term or geographic name entry element BUILDING CONTRACTORS
650 ## - SUBJECT ADDED ENTRY--TOPICAL TERM
Topical term or geographic name entry element EGAN REFORMS
650 ## - SUBJECT ADDED ENTRY--TOPICAL TERM
Topical term or geographic name entry element EU PUBLIC PROCUREMENT RULES
650 ## - SUBJECT ADDED ENTRY--TOPICAL TERM
Topical term or geographic name entry element LATHAM REFORMS
650 ## - SUBJECT ADDED ENTRY--TOPICAL TERM
Topical term or geographic name entry element Procurement-old
650 ## - SUBJECT ADDED ENTRY--TOPICAL TERM
Topical term or geographic name entry element PROCUREMENT METHODS
690 ## - LOCAL SUBJECT ADDED ENTRY--TOPICAL TERM (OCLC, RLIN)
Topical term or geographic name as entry element Procurement
9 (RLIN) 6260
700 ## - ADDED ENTRY--PERSONAL NAME
Personal name Proverbs, D.
700 ## - ADDED ENTRY--PERSONAL NAME
Personal name Whitehouse, L.
942 ## - ADDED ENTRY ELEMENTS (KOHA)
Suppress in OPAC 0
Holdings
Withdrawn status Lost status Source of classification or shelving scheme Damaged status Not for loan Home library Current library Shelving location Date acquired Total Checkouts Full call number Barcode Date last seen Copy number Price effective from Koha item type
    Dewey Decimal Classification     London London Journal article 26/06/2001   X113279 113279-1001 06/08/2019 1 06/08/2019 Journal article